000 00709nam a2200229 a 4500
001 000009333
003 OSt
005 20240412074211.0
008 090929s1951 dr 000 p spa d
040 _aDO-SdBNP
_bspa
_cBNPHU
049 _aBNPD
082 _aRD861.42
_bC468v
100 1 _aChapuseaux, Julio A.
_924079
245 1 0 _aVersos a Trujillo /
_cJulio A. Chapuseaux.
260 _aCiudad Trujillo, República Dominicana :
_bRoldán,
_c1951.
300 _a70 p. ;
_c21 cm.
600 0 _aTrujillo Molina, Rafael Leónidas,
_d1891-1961
_xPoesías
_924080
650 0 _aPoesía dominicana
_966
650 0 _aLiteratura dominicana.
_967
910 _aValidado. Control de calidad EMS.
942 _2ddc
_cLBS1
999 _c9093
_d9093